000
00214nam a2200097Ia 4500
008
220204s9999 xx 000 0 und d
082
_a
82-3
_b
SHE;1
100
_a
Sheldon, Sidney
245
0
_a
Naked face
942
_c
BK
999
_c
34053
_d
34053